| 000 | 00863nam a22002531u 4500 | ||
|---|---|---|---|
| 001 | 05943 | ||
| 003 | HDC | ||
| 007 | cr bn --- | ||
| 008 | 210122p xx fo d 00 engg | ||
| 040 | _aHDC | ||
| 245 | 0 |
_aHalal Logistics Conference 2012 : _bThe Value and Advantage of Halal Logistics |
|
| 260 |
_a[No place] : _b[publisher not identified], _c2012 |
||
| 300 |
_a14 pages : _bIllustrations |
||
| 336 |
_atext _2rdacontent |
||
| 337 |
_acomputer _2rdamedia |
||
| 338 |
_aonline resource _2rdacarrier |
||
| 650 |
_aHalal industry _9144 |
||
| 650 |
_aHalal Logistics _9143 |
||
| 650 |
_aSupply Chain Process _96274 |
||
| 856 | _zRequest full-text at [email protected] | ||
| 942 | _2lcc | ||
| 942 | _cSLIDE | ||
| 942 | _kSLID 000638 | ||
| 999 |
_c3267 _d3267 |
||